00514nmm a2200157Ia 4500008004100000020001800041041000800059100003800067245006700105264006800172300001800240650002200258856005200280942000700332999001700339251105s9999||||xx |||||||||||||||||und|| a9788499480602 aspa aWitte Salomon, Ricardo Alejandro 0aConversaciones. (Literatura, pensamiento crítico y poesía) a[Madrid, España] :bEditorial Club Universitario: ECU, c2010 a157 páginas aSpanish narrative uhttps://public.digitaliapublishing.com/a/173351 cCF c92893d92893